Análisis de la imagen : (Record no. 135792)

MARC details
000 -CABECERA
campo de control de longitud fija 01095nam a2200337 a 4500
001 - NÚMERO DE CONTROL
campo de control 991010393219706706
003 - IDENTIFICADOR DEL NÚMERO DE CONTROL
campo de control ES-BaIT
005 - FECHA Y HORA DE LA ÚLTIMA TRANSACCIÓN
campo de control 20241209170120.0
008 - DATOS DE LONGITUD FIJA--INFORMACIÓN GENERAL
campo de control de longitud fija 020207s2001 sp |||||| 001 ||spa|c
017 ## - NÚMERO DE COPYRIGHT O DE DEPÓSITO LEGAL
Número de copyright o de depósito legal DL SE. 6384-2007
020 ## - NÚMERO INTERNACIONAL ESTÁNDAR DEL LIBRO
Número Internacional Estándar del Libro 9788484830511
020 ## - NÚMERO INTERNACIONAL ESTÁNDAR DEL LIBRO
Número Internacional Estándar del Libro 8484830519
035 ## - NÚMERO DE CONTROL DEL SISTEMA
Número de control de sistema (ES-BaCBU).b27470313
035 ## - NÚMERO DE CONTROL DEL SISTEMA
Número de control de sistema (OCoLC)807694579
040 ## - FUENTE DE LA CATALOGACIÓN
Centro catalogador/agencia de origen ES-BaCBU
Lengua de catalogación cat
Centro/agencia transcriptor ES-BaCBU
100 1# - ENTRADA PRINCIPAL--NOMBRE DE PERSONA
Nombre de persona Gómez Alonso, Rafael
9 (RLIN) 165045
245 10 - MENCIÓN DE TÍTULO
Título Análisis de la imagen :
Resto del título estética audiovisual /
Mención de responsabilidad, etc. Rafael Gómez Alonso
260 ## - PUBLICACIÓN, DISTRIBUCIÓN, ETC.
Lugar de publicación, distribución, etc. Madrid :
Nombre del editor, distribuidor, etc. Laberinto,
Fecha de publicación, distribución, etc. cop. 2001
300 ## - DESCRIPCIÓN FÍSICA
Extensión 189 p. :
Otras características físicas il.;
Dimensiones 24 cm
490 1# - MENCIÓN DE SERIE
Mención de serie Comunicación / Laberinto ;
Designación de volumen o secuencia 5
504 ## - NOTA DE BIBLIOGRAFÍA, ETC.
Nota de bibliografía, etc. Bibliografia
650 #7 - PUNTO DE ACCESO ADICIONAL DE MATERIA--TÉRMINO DE MATERIA
Término de materia o nombre geográfico como elemento de entrada Comunicació visual
Fuente del encabezamiento o término lemac
9 (RLIN) 56484
650 #7 - PUNTO DE ACCESO ADICIONAL DE MATERIA--TÉRMINO DE MATERIA
Término de materia o nombre geográfico como elemento de entrada Estètica
Fuente del encabezamiento o término lemac
9 (RLIN) 56849
650 00 - PUNTO DE ACCESO ADICIONAL DE MATERIA--TÉRMINO DE MATERIA
Término de materia o nombre geográfico como elemento de entrada Imatges
Subdivisión general Anàlisi
9 (RLIN) 138358
650 07 - PUNTO DE ACCESO ADICIONAL DE MATERIA--TÉRMINO DE MATERIA
Término de materia o nombre geográfico como elemento de entrada Comunicació audiovisual
Subdivisión general Estètica
9 (RLIN) 56477
830 ## - PUNTO DE ACCESO ADICIONAL DE SERIE-TÍTULO UNIFORME
Título uniforme Comunicación (Laberinto)
Designación de volumen o secuencia 5
9 (RLIN) 94727
907 ## - ELEMENTOS DE DATOS G LOCAL, LDG (RLIN)
a .b27470313
b 18-06-21
c 08-05-08
d 07-02-02
e m
f a
g -
h spa
i sp
j 0
k 3
908 ## - COLOCAR PARÁMETRO DE COMANDO (RLIN)
Colocar parámetro de comando UAB
-- UPF
-- URL
-- UB
-- CDMAE
940 ## - EQUIVALENCIA O REFERENCIA-CRUZADA--TÍTULO UNIFORME [OBSOLETO] [solamente CAN/MARC]
Título uniforme <a href="UAB">UAB</a>
942 ## - ELEMENTOS DE ENTRADA AGREGADA (KOHA)
Fuente del sistema de clasificación o colocación Clasificación decimal universal
Tipo de ítem Koha Llibre
Holdings
Estado de retiro Estado de pérdida Fuente del sistema de clasificación o colocación Estado dañado No para préstamo Localización permanente Ubicación/localización actual Ubicación en estantería Fecha de adquisición Fuente de adquisición Total de préstamos Renovaciones totales Signatura topográfica completa Código de barras Fecha visto por última vez Fecha del último préstamo Precio válido a partir de Tipo de ítem Koha
    Clasificación decimal universal     Biblioteca Barcelona Biblioteca Barcelona BCN Lliure Accés 09/12/2024 Donatiu 1 5 7.01 GOM 1900087777 10/09/2025 15/05/2025 09/12/2024 Llibre

Powered by Koha